000 00674nam a2200217Ia 4500
005 20250508165907.0
008 008 250505s9999 xx 000 0 eng d
020 _a978-1-68123-236-2
037 _aReference
040 _aFEDL
_beng
_cFEDL
041 _aeng
_2eng
084 _a370.19, KAP/RR
_qFEDL
100 _aKapoor Dip Ed.
245 0 _aGlobalization, culture and education in South Asia: Critical edcursions
260 _aNew York, USA
_bPalgrave Macmillan
_c2012
300 _aviii, 220p.
365 _aEURO
_b86.99
700 _a Barua Bijoy P Ed. Datoo Al- Karim Ed.
_9782340
942 _cREF
_h370.19, KAP/RR
999 _c1398042
_d1398042